000 00667nam a2200301Ia 4500
005 20260401122445.0
008 008 250103s9999 xx 000 0 eng d
020 _a9780199559886
037 _aTB
040 _aEDL
040 _beng
040 _cEDL
041 _2eng
041 _aeng
084 _a822.3TAY
084 _qEDL
100 _aTaylor, Gary
_91233679
245 4 _aThe Oxford handbook of Thomas Middleton
245 0 _cTaylor, Gary
260 _aOxford
260 _bOxford University Press
260 _c2012
300 _a670p
942 _cTB
942 _h822.3TAY
999 _c1847402
_d1847402